Avoiding deterioration of cement-based building materials (Record no. 105757)

MARC details
000 -LEADER
fixed length control field 00970cam a2200229 4500
001 - CONTROL NUMBER
control field ##L134648
008 - FIXED-LENGTH DATA ELEMENTS--GENERAL INFORMATION
fixed length control field 060822n1997 000 0 eng u
020 ## - INTERNATIONAL STANDARD BOOK NUMBER
International Standard Book Number 1860811337
035 ## - SYSTEM CONTROL NUMBER
System control number (Sirsi) u134648
041 0# - LANGUAGE CODE
Language code of text/sound track or separate title eng
050 04 - LIBRARY OF CONGRESS CALL NUMBER
Classification number 693.5 $2 18
100 1# - MAIN ENTRY--PERSONAL NAME
Personal name Crammond, Norah
245 00 - TITLE STATEMENT
Title Avoiding deterioration of cement-based building materials
Remainder of title lessons from case studies one
260 ## - PUBLICATION, DISTRIBUTION, ETC.
Place of publication, distribution, etc. London
Name of publisher, distributor, etc. Construction Research Communications
Date of publication, distribution, etc. 1997
300 ## - PHYSICAL DESCRIPTION
Extent 31p.
-- ll.
Dimensions 30cm.
490 #0 - SERIES STATEMENT
Series statement BRE Report
Volume/sequential designation BR324
520 ## - SUMMARY, ETC.
Summary, etc. Presents the results of research into potential durability problems associated with cement-based materials. Three of the case studies relate to the thaumasite form of sulfate attack, and one to alkaline hydrolysis with carbonation in high alumina cement concrete.
590 ## - LOCAL NOTE (RLIN)
Local note IKA220806
690 ## - LOCAL SUBJECT ADDED ENTRY--TOPICAL TERM (OCLC, RLIN)
Topical term or geographic name as entry element BUILT ENVIRONMENT-BUILDING MATERIALS-CEMENTITIOUS, CONCRETE AND MINERAL BOUND MATERIALS
700 1# - ADDED ENTRY--PERSONAL NAME
Personal name Dunster, Andrew
942 ## - ADDED ENTRY ELEMENTS (KOHA)
Suppress in OPAC 0
Holdings
Withdrawn status Lost status Source of classification or shelving scheme Damaged status Not for loan Home library Current library Shelving location Date acquired Total Checkouts Full call number Barcode Date last seen Copy number Price effective from Koha item type
    Dewey Decimal Classification     London London Folio 22/08/2006   F693.5 CRA 30072459 06/08/2019 1 06/08/2019 Book